00374pab a2200145 454500008004000000100002400040245005700064260000900121300000800130362001000138650002300148700001800171700001700189773002200206180718b1983 xxu||||| |||| 00| 0 eng d aVenkataraman, Subha aWhat Makes a good managerbProfessional's view point c1983 a7-9 aSept. aExecutives - India aFreida Soares aG.K. Valecha aIndian Management